000 01310cam a2200277 4500
001 ABS63196
008 000000n2000 000 0 eng u
035 _a(Sirsi) u109306
245 _aLeasehold reform - again!
260 _c2000
490 _aEstate Agency News
_v(161) October 2000, 20(1)
520 _aReviews the commonhold and leasehold reform bill which will provide a new foundation for commercial and residential ownership. Discusses the bill's main proposals under the following headings: flats, management, houses, Leasehold Reform Act 1987, service charges and forfeiture. Concludes that for some leasehold representative bodies, including the Coalition for the Abolition of Residential Leasehold (CARL), the proposals are not far reaching enough. It is hoped the bill will become law by next Spring.
590 _aABS
650 _aCOMMONHOLD AND LEASEHOLD REFORM BILL
650 _aLEASEHOLD REFORM, HOUSING AND URBAN DEVELOPMENT ACT 1993
650 _aLEASEHOLDERS
650 _aSERVICE CHARGES
650 _aFORFEITURE
650 _aCOMMONHOLD
650 _aENFRANCHISEMENT
650 _aLEASEHOLD REFORM ACT 1967
650 _aLANDLORD AND TENANT ACT 1985
650 _aLANDLORD AND TENANT ACT 1987
690 _aLANDLORD AND TENANT-LEASEHOLD REFORM
942 _n0
999 _c65241
_d65241